000 01106nam a2200337 a 4500
001 000003655
003 DO-SdBNP
005 20220215125303.0
007 ta
008 090711s1994 spaa er 000 0 spa d
020 _a8477748705
040 _aDO-SdBNP
_bspa
_cBNPHU
082 4 _222
_a414
_bN462p
100 1 _aNespor, Marina
_911205
240 _aProsadic Phonology
245 1 3 _aLa prosodia /
_cMarina Nespor, Irene Vogel ; traducción, Ana Ardid Gumiel.
260 _aMadrid, España :
_bVisor Fotocomposición,
_c1994
300 _a375 p. :
_bil. ;
_c24 cm.
490 _aLingüística y Conocimiento;
_v20
500 _aIncluye índices.
500 _aIncluye lista de abreviaturas y símbolos: p. 369- 370.
504 _aBibliografía: p. 347- 355
590 _aInventariado 2022 / MF
650 4 _aFonología
_xGramática comparada y general
_911207
650 4 _aAnálisis lingüístico
_911208
700 1 _aVogel, Irene,
_d1951-
_911209
700 1 _aArdid Gumiel, Ana
_etrad.
_911210
830 _aLingüística y Conocimiento;
_n20
_981236
910 _aMFeliz
942 _2ddc
_cLBS1
999 _c3478
_d3478